Az ügyvédség külföldön

Elmentve itt :
Bibliográfiai részletek
Szerző: Stamberger Sándor
Dokumentumtípus: Cikk
Megjelent: 1931
Sorozat:Polgári jog : a hazai és külföldi magánjog és hiteljog szemléje 7
Kulcsszavak:Ügyvédség
Online Access:http://misc.bibl.u-szeged.hu/15265
LEADER 00602nab a2200169 i 4500
001 misc15265
005 20191106142551.0
008 170607s1931 hu o 0|| hun d
040 |a SZTE Miscellanea Repozitórium  |b hun 
041 |a hun 
100 1 |a Stamberger Sándor 
245 1 3 |a Az ügyvédség külföldön  |h [elektronikus dokumentum] /  |c  Stamberger Sándor 
260 |c 1931 
300 |a 377-379a 
490 0 |a Polgári jog : a hazai és külföldi magánjog és hiteljog szemléje  |v 7 
695 |a Ügyvédség 
856 4 0 |u http://misc.bibl.u-szeged.hu/15265/1/polgari_jog_1931_377-379a.pdf  |z Dokumentum-elérés